| 000 | 00470nam a2200181Ia 4500 | ||
|---|---|---|---|
| 008 | 240925s9999 xx 000 0 und d | ||
| 020 | _aNA | ||
| 082 | _a796.44 GRE | ||
| 100 | _aNot - Available | ||
| 245 | 0 | _aWisden: anthology 1864-1900 | |
| 250 | _aNA | ||
| 260 |
_aLondon: _bQueen Anne Press _c,1980. |
||
| 300 |
_axv,425p. _bN.A _fOriginal |
||
| 500 | _aIncludes Index | ||
| 600 | _aHumanities & Natural Science | ||
| 650 | _aArts and Recreation | ||
| 942 | _cBK | ||
| 999 |
_c12132 _d12132 |
||